| 000 | 00602nam a22001937a 4500 | ||
|---|---|---|---|
| 003 | OSt | ||
| 005 | 20251117122239.0 | ||
| 008 | 251117s2007 ag ||||| |||| 00| 0 spa d | ||
| 020 | _a978-987-9161-38-8 | ||
| 040 |
_cAR-RoUNCS _aAR-RoUNCS |
||
| 080 | _0342.2(82) | ||
| 110 | 1 | _aArgentina | |
| 245 | 1 | 0 | _aConstitución de la Nación Argentina. |
| 260 |
_aBuenos Aires : _bSecretaría de Cultura de la Presidencia de la Nación, _c2007. |
||
| 300 |
_a72 p. ; _c25 cm. |
||
| 490 | 0 |
_aPrograma Libros y Casas. _aCultura Nación. Suma Cultura. |
|
| 650 | 4 |
_aCONSTITUCIÓN _zARGENTINA _y1994 |
|
| 942 |
_2udc _cLPD _n0 |
||
| 999 |
_c775 _d775 |
||